The effects of single - sex schooling on student achievement and attitudes in Nigeria (Record no. 225664)

000 -LEADER
fixed length control field 00562cam a22001577a 4500
008 - FIXED-LENGTH DATA ELEMENTS--GENERAL INFORMATION
fixed length control field 180718b1989 xxu||||| |||| 00| 0 eng d
082 ## - DEWEY DECIMAL CLASSIFICATION NUMBER
Classification number Px669 In8
100 ## - MAIN ENTRY--PERSONAL NAME
Personal name Lee, Valerie E.
245 ## - TITLE STATEMENT
Title The effects of single - sex schooling on student achievement and attitudes in Nigeria
Statement of responsibility, etc. By Valerie E. Lee and Marlaine E. Lockheed
260 ## - PUBLICATION, DISTRIBUTION, ETC.
Place of publication, distribution, etc. Washington, D.C.
Name of publisher, distributor, etc. IBRD
Date of publication, distribution, etc. 1989
300 ## - PHYSICAL DESCRIPTION
Extent 47p.
440 ## - SERIES STATEMENT/ADDED ENTRY--TITLE
Title Policy, Planning and Research: Education, and Employment Working Papers
650 ## - SUBJECT ADDED ENTRY--TOPICAL TERM
Topical term or geographic name entry element Education - Nigeria
700 ## - ADDED ENTRY--PERSONAL NAME
Personal name Lockheed, Marlaine E.
700 ## - ADDED ENTRY--PERSONAL NAME
Personal name IBRD
Holdings
Withdrawn status Lost status Damaged status Not for loan Permanent Location Current Location Date acquired Full call number Barcode Date last seen Price effective from Koha item type
        Indian Institute of Public Administration Indian Institute of Public Administration 1993-05-20 Px669 In8 WB1852 2018-07-20 2018-07-20 WB

Powered by Koha